| 000 | 00837cab a2200253 4500 | ||
|---|---|---|---|
| 001 | WB3445-22 | ||
| 008 | 090401t1998 xxu||||| |||| 00| 0 eng d | ||
| 035 | _a(Sirsi) u89985 | ||
| 041 | _aeng | ||
| 245 | _aEuro could trigger rise in values | ||
| 260 | _c1998 | ||
| 350 | _a0 | ||
| 490 |
_aBirmingham Post _v26 November 1998, 35(1) |
||
| 520 | _aIntroduction of the Euro in the new year could herald a rise in UK property values. From January 1999, UK rents can be fixed in Euros, making property investment from European investment institutions an attractive proposition. | ||
| 650 | _aEURO | ||
| 650 | _aINVESTMENT MARKET | ||
| 650 | _aPROPERTY INVESTMENT | ||
| 650 | _aPROPERTY VALUES | ||
| 650 | _aRENTAL VALUES | ||
| 650 | _aSINGLE CURRENCY | ||
| 690 | _aEUROPE-SINGLE MARKET | ||
| 942 | _n0 | ||
| 948 | _c27/11/1998 | ||
| 999 |
_c56980 _d56980 |
||